000 00752cam a22002412 4500
001 0000020230
005 20151217155228.0
008 110905s xx 000 0 eng d
020 _a0070172603 :
040 _aKABU
_cKABU
100 1 _aSeeley, Rod R.
_@0000180313
245 1 0 _aEssentials of anatomy and physiology /
_cRod R. Seeley, Trent D. Stephens, Philip Tate.
250 _a4th ed.
260 _aBoston :
_bMcGraw Hill,
_c2002.
300 _axix, 644 p.
650 0 _aHuman physiology.
_@0000155597
650 0 _aHuman anatomy.
_@0000155598
700 1 _aStephens, Trent D.
_@0000180314
700 1 _aTate, Philip.
_@0000180315
852 1 _9p1000 KES
908 _a110905
950 _@1
999 _c12130
_d12130